000
00247nam a2200109Ia 4500
008
190216s9999||||xx |||||||||||||| ||und||
100
_a
Shulpin
245
0
_a
Learning About Chemistry
260
_b
Mir Publishers
650
_a
Chemistry
942
_c
BK
999
_c
2756
_d
2756